| 000 | 00992nam a22002537a 4500 | ||
|---|---|---|---|
| 003 | 0 | ||
| 005 | 20251018102159.0 | ||
| 008 | 251018b xxu||||| |||| 00| 0 eng d | ||
| 020 | _a978-0-593-24344-2 | ||
| 050 |
_aPS 3601 _b.A53 2022 |
||
| 100 |
_aAndreades, Daphne Palasi, _eauthor. |
||
| 245 |
_aBrown girls / _cDaphne Palasi Andreades. |
||
| 250 | _aRandom House Trade Paperback edition. | ||
| 260 |
_aNew York : _bRandom House, _c2022. |
||
| 300 |
_a235 pages ; _c21 cm. |
||
| 500 | _aOriginally published in hardcover by Random House in 2022. | ||
| 520 | _aA coming-of-age novel that follows a group of young women of color growing up in Queens, New York, as they navigate identity, community, and belonging. | ||
| 650 |
_aYoung women _vFiction. |
||
| 650 |
_aWomen _zNew York (State) _zQueens _vFiction. |
||
| 650 |
_aImmigrants _zNew York (State) _zQueens _vFiction. |
||
| 650 |
_aIdentity (Psychology) _vFiction. |
||
| 650 |
_aQueens (New York, N.Y.) _vFiction. |
||
| 942 |
_2lcc _cBK |
||
| 999 |
_c368271 _d368271 |
||